000 00834cam a2200325 4500
001 J3850
008 090401t1996 xxu||||| |||| 00| 0 eng d
035 _a(Sirsi) u57127
041 _aeng
050 _a333.337016
110 _aDonaldsons
_93333
245 4 _aThe Shopping Centre Index commentary.
260 _aLondon
_bDonaldsons
_c1996
300 _a7p. ; 30cm.
350 _a0
650 _aCAPITAL VALUES
650 _aOVER-RENTING
650 _aPROPERTY INDEXES
650 _aRENTAL VALUES
650 _aRETAIL WAREHOUSES
650 _aREVERSIONS
650 _aSHOPPING CENTRE INDEX
650 _aSHOPPING CENTRES
650 _aSHOPS
650 _aVOIDS
690 _aPROPERTY-COMMERCIAL PROPERTY-RETAIL PROPERTY
710 _aInvestment Property Databank
_92288
942 _n0
948 _c04/03/1997
999 _c93895
_d93895